| 000 | 00998cam a22002655i 4500 | ||
|---|---|---|---|
| 999 |
_c14413 _d14413 |
||
| 003 | EG-ScBUE | ||
| 005 | 20200121094746.0 | ||
| 008 | 200121s2005 su g 000 p ara d | ||
| 017 | _a2005 / 5733 | ||
| 040 |
_aEG-ScBUE _bara _erda _cEG-ScBUE _dEG-ScBUE |
||
| 082 | 0 | 4 |
_a892.716 _bب ا ش _222 |
| 100 | 1 |
_aباشراحيل، عبد الله محمد، _d1951- _eمؤلف. _916120 |
|
| 245 | 1 | 2 |
_aالأعمال الشعرية / _cعبد الله باشراحيل. |
| 250 | _aالطبعة الثانية. | ||
| 264 | 1 |
_a[الرياض] : _bعبد الله باشراحيل، _c2005. |
|
| 264 | 2 |
_aالقاهرة : _bوكالة الأهرام للتوزيع |
|
| 300 |
_a2 مجلد ؛ _c22 سم |
||
| 336 |
_aنص _btxt _2rdacontent |
||
| 337 |
_aبدون وسيط _bn _2rdamedia |
||
| 338 |
_aمجلد _bnc _2rdacarrier |
||
| 650 | 7 |
_aالشعر العربي _xدواوين وقصائد _zالسعودية. _2BUEsh _916121 |
|
| 651 | _2BUEsh | ||
| 653 |
_bARALIT _bGGEN _cJuly2019 |
||
| 942 |
_2ddc _cBB |
||